| 000 | 00531nam a2200205 4500 | ||
|---|---|---|---|
| 001 | 296331 | ||
| 005 | 20180307091105.0 | ||
| 008 | 710608s1971 maua b 001 0 eng | ||
| 010 | _a 71137838 | ||
| 040 |
_aDLC _cDLC _dDLC |
||
| 041 | _aeng | ||
| 080 | _a574 BAK | ||
| 082 | 0 | 0 | _a574 BAK |
| 100 | 1 | _a11 | |
| 101 | _aBIO | ||
| 245 | 1 | 4 |
_aThe study of biology _c[by] Jeffrey J. W. Baker [and] Garland E. Allen. |
| 504 | _aIncludes bibliographies. | ||
| 906 |
_a7 _bcbc _corignew _d2 _encip _f19 _gy-gencatlg |
||
| 942 |
_2ddc _cBK |
||
| 999 |
_c44337 _d44337 |
||